Downturn favours growth over value (Record no. 72202)
[ view plain ]
| 000 -LEADER | |
|---|---|
| fixed length control field | 01012cam a2200229 4500 |
| 001 - CONTROL NUMBER | |
| control field | WB3909-13 |
| 008 - FIXED-LENGTH DATA ELEMENTS--GENERAL INFORMATION | |
| fixed length control field | 030304n2003 000 0 eng u |
| 035 ## - SYSTEM CONTROL NUMBER | |
| System control number | (Sirsi) u121492 |
| 245 ## - TITLE STATEMENT | |
| Title | Downturn favours growth over value |
| 260 ## - PUBLICATION, DISTRIBUTION, ETC. | |
| Date of publication, distribution, etc. | 2003 |
| 490 ## - SERIES STATEMENT | |
| Series statement | Estates Gazette |
| Volume/sequential designation | (0308) 22 February 2003, 43(1) |
| 490 ## - SERIES STATEMENT | |
| Series statement | Jones Lang LaSalle Press Release |
| Volume/sequential designation | (NR1157) 24 February 2003 (2) |
| 520 ## - SUMMARY, ETC. | |
| Summary, etc. | Research into the Jones Lang LaSalle 2002 "Style index" shows that growth investments, with long leases, good covenants and high quality buildings are outperforming higher yielding value properties with more uncertain covenants, shorter leases and poorer quality buildings. Jones Lang LaSalle website http://www.joneslanglasalle.co.uk |
| 590 ## - LOCAL NOTE (RLIN) | |
| Local note | WB |
| 650 ## - SUBJECT ADDED ENTRY--TOPICAL TERM | |
| Topical term or geographic name entry element | OFFICE SECTOR |
| 650 ## - SUBJECT ADDED ENTRY--TOPICAL TERM | |
| Topical term or geographic name entry element | RETAIL SECTOR |
| 650 ## - SUBJECT ADDED ENTRY--TOPICAL TERM | |
| Topical term or geographic name entry element | INVESTMENT GROWTH |
| 650 ## - SUBJECT ADDED ENTRY--TOPICAL TERM | |
| Topical term or geographic name entry element | INVESTMENT MARKET |
| 650 ## - SUBJECT ADDED ENTRY--TOPICAL TERM | |
| Topical term or geographic name entry element | STOCK MARKETS |
| 690 ## - LOCAL SUBJECT ADDED ENTRY--TOPICAL TERM (OCLC, RLIN) | |
| Topical term or geographic name as entry element | PROPERTY-COMMERCIAL PROPERTY-COMMERCIAL PROPERTY FINANCE AND INVESTMENT |
| 942 ## - ADDED ENTRY ELEMENTS (KOHA) | |
| Suppress in OPAC | 0 |
| Withdrawn status | Lost status | Source of classification or shelving scheme | Damaged status | Not for loan | Home library | Current library | Shelving location | Date acquired | Total Checkouts | Full call number | Barcode | Date last seen | Copy number | Price effective from | Koha item type |
|---|---|---|---|---|---|---|---|---|---|---|---|---|---|---|---|
| Dewey Decimal Classification | London | London | News article | 04/03/2003 | WB3909-13 | 121492-1001 | 06/08/2019 | 1 | 06/08/2019 | News article |